[Event "Oberliga Ost-B 1718"]
[Site "Germany"]
[Date "2018.03.18"]
[Round "9.8"]
[White "Nichols, Marc"]
[Black "Titsch, Leonard"]
[Result "1-0"]
[WhiteElo "2125"]
[BlackElo "1989"]
[PlyCount "77"]
[EventDate "2017.10.22"]
[EventType "team-tourn"]
[EventRounds "11"]
[EventCountry "GER"]
[SourceTitle "EXT 2019"]
[Source "ChessBase"]
[SourceDate "2018.10.10"]
[SourceVersion "1"]
[SourceVersionDate "2018.10.10"]
[SourceQuality "1"]
[WhiteTeam "Oberursel"]
[BlackTeam "Frankfurt TV"]
[WhiteTeamCountry "GER"]
[BlackTeamCountry "GER"]

1. e4 c5 2. Nf3 d6 3. Bb5+ Bd7 4. Bxd7+ Qxd7 5. 0-0 Nc6 6. Re1 g6 7. d4 cxd4 8. Nxd4 Bg7 9. Be3 Nf6 10. f3 Nxd4 11. Bxd4 b5 12. a4 b4 13. c4 bxc3 14. Nxc3 0-0 15. Qd2 Rab8 16. a5 a6 17. Na4 Qb7 18. Nb6 Nd7 19. Bf2 Rfd8 20. Ra3 Nxb6 21. axb6 d5 22. exd5 Rxd5 23. Qb4 e6 24. Qc4 a5 25. b4 Rc8 26. Qe4 Bc3 27. bxa5 Bxe1 28. Qxe1 Qa6 29. Bg3 Rc2 30. Rb3 Rd7 31. Rb1 Rcd2 32. b7 Qa7+ 33. Kh1 Rxb7 34. Rxb7 Qd4 35. Rb8+ Kg7 36. Be5+ Qxe5 37. Qxe5+ f6 38. Rb7+ Kh6 39. Qf4+ 1-0

[Event "Oberliga Ost-B 1617"]
[Site "Germany"]
[Date "2017.02.19"]
[Round "7.7"]
[White "Schaefer, Michael"]
[Black "Titsch, Leonard"]
[Result "1-0"]
[WhiteElo "2166"]
[BlackElo "1997"]
[PlyCount "75"]
[EventDate "2016.10.16"]
[EventType "team-tourn"]
[EventRounds "11"]
[EventCountry "GER"]
[SourceTitle "EXT 2018"]
[Source "ChessBase"]
[SourceDate "2017.10.13"]
[SourceVersion "1"]
[SourceVersionDate "2017.10.13"]
[SourceQuality "1"]
[WhiteTeam "Moerlenbach Birkenau"]
[BlackTeam "Frankfurt TV"]
[WhiteTeamCountry "GER"]
[BlackTeamCountry "GER"]

1. d4 Nf6 2. c4 e6 3. Nc3 Bb4 4. g3 0-0 5. Bg2 d5 6. Nf3 b6 7. 0-0 Nbd7 8. cxd5 exd5 9. Bf4 Bb7 10. Rc1 c5 11. Nb5 Ne4 12. dxc5 bxc5 13. Nd6 Nxd6 14. Bxd6 Re8 15. a3 Qb6 16. Bf4 Ba5 17. b4 cxb4 18. Bc7 Qa6 19. Bxa5 Qxa5 20. axb4 Qb6 21. Nd4 Nf6 22. Qd3 Qxb4 23. Rb1 Qe7 24. Nf5 Qd7 25. Bh3 Kh8 26. Qd2 Ne4 27. Qb2 d4 28. Qxb7 Qe6 29. Rfc1 Ng5 30. Bg4 h5 31. Rc6 Qe4 32. Nd6 Qe7 33. Qxe7 Rxe7 34. Bxh5 g6 35. Bg4 f5 36. Bf3 Nxf3+ 37. exf3 Re6 38. Nf7+ 1-0

[Event "Untergrombach op 33rd"]
[Site "Untergrombach"]
[Date "2016.01.03"]
[Round "2"]
[White "Titsch, Leonard"]
[Black "Dushatskiy, Fedor"]
[Result "1/2-1/2"]
[WhiteElo "1942"]
[BlackElo "2190"]
[PlyCount "108"]
[EventDate "2016.01.02"]
[EventType "swiss"]
[EventRounds "7"]
[EventCountry "GER"]
[SourceTitle "CBM 170 Extra"]
[Source "ChessBase"]
[SourceDate "2016.02.25"]
[SourceVersion "1"]
[SourceVersionDate "2016.02.25"]
[SourceQuality "1"]

1. c4 e6 2. g3 d5 3. Nf3 Nf6 4. Bg2 Be7 5. 0-0 0-0 6. b3 d4 7. e3 c5 8. exd4 cxd4 9. d3 Nc6 10. Re1 Nd7 11. a3 a5 12. Nbd2 e5 13. Rb1 Re8 14. Ne4 h6 15. Qc2 Nc5 16. Nxc5 Bxc5 17. Nd2 Qc7 18. Ne4 Bf8 19. c5 Na7 20. b4 axb4 21. axb4 Nb5 22. Qc4 Na3 23. Bxa3 Rxa3 24. Nd2 Bd7 25. Bd5 Bc6 26. Nb3 Rd8 27. Bxc6 bxc6 28. Na5 Ra8 29. Rec1 Be7 30. Rb3 Rxb3 31. Qxb3 Bg5 32. Rb1 Bd2 33. Nc4 Bc3 34. Nd6 Rb8 35. Qc4 Qe7 36. Ne4 Kf8 37. Nxc3 dxc3 38. Qxc3 Qe6 39. Qc4 Ke7 40. Qe4 f5 41. Qc4 Kf6 42. Qh4+ Kf7 43. Ra1 Qd7 44. Qc4+ Kg6 45. Ra6 Kh7 46. Rb6 Ra8 47. Kg2 Ra3 48. b5 cxb5 49. Rxb5 Qxd3 50. Qxd3 Rxd3 51. c6 Rc3 52. Rxe5 Rxc6 53. Rxf5 Ra6 54. Kh3 Ra4 1/2-1/2

[Event "Hessenliga 0809"]
[Site "Germany"]
[Date "2008.11.09"]
[Round "4.7"]
[White "Meyer, Stefan"]
[Black "Titsch, Leonard"]
[Result "1-0"]
[WhiteElo "2155"]
[BlackElo "1990"]
[PlyCount "75"]
[EventDate "2008.09.14"]
[EventType "team-tourn"]
[EventRounds "9"]
[EventCountry "GER"]
[SourceTitle "EXT 2011"]
[Source "ChessBase"]
[SourceDate "2010.11.26"]
[SourceVersion "1"]
[SourceVersionDate "2010.11.26"]
[SourceQuality "1"]
[WhiteTeam "Dotzheim"]
[BlackTeam "Schoeneck II"]
[WhiteTeamCountry "GER"]
[BlackTeamCountry "GER"]

1. d4 Nf6 2. Nf3 g6 3. c4 c5 4. e3 Bg7 5. Nc3 0-0 6. Be2 cxd4 7. Nxd4 d5 8. 0-0 dxc4 9. Bxc4 Qc7 10. Qe2 Nc6 11. Nxc6 Qxc6 12. e4 Rd8 13. Bg5 Be6 14. Bb5 Qc7 15. Rac1 a6 16. Nd5 Qd6 17. Bf4 Bg4 18. Bxd6 Bxe2 19. Nxe7+ Kh8 20. Bxe2 Rxd6 21. Bf3 Re6 22. Nd5 Nxd5 23. exd5 Re7 24. b3 Be5 25. Rc4 Rd8 26. Rfc1 Kg7 27. g3 Rdd7 28. Bg2 Bd6 29. Kf1 Rc7 30. Bh3 Rxc4 31. Rxc4 Rc7 32. Rxc7 Bxc7 33. Bc8 b6 34. Bxa6 Kf8 35. Ke2 Ke7 36. Kd3 h5 37. Kc4 Kd6 38. Bb5 1-0

[Event "Hessenliga 0809"]
[Site "Germany"]
[Date "2008.09.28"]
[Round "2.6"]
[White "Schmidt, Danny"]
[Black "Titsch, Leonard"]
[Result "1-0"]
[WhiteElo "2040"]
[BlackElo "1990"]
[PlyCount "61"]
[EventDate "2008.09.14"]
[EventType "team-tourn"]
[EventRounds "9"]
[EventCountry "GER"]
[SourceTitle "EXT 2011"]
[Source "ChessBase"]
[SourceDate "2010.11.26"]
[SourceVersion "1"]
[SourceVersionDate "2010.11.26"]
[SourceQuality "1"]
[WhiteTeam "Lorsch"]
[BlackTeam "Schoeneck II"]
[WhiteTeamCountry "GER"]
[BlackTeamCountry "GER"]

1. d4 Nf6 2. Nf3 c5 3. e3 g6 4. Bd3 Bg7 5. 0-0 d5 6. b3 Nc6 7. Bb2 0-0 8. c4 e6 9. Nbd2 b6 10. cxd5 Nxd5 11. Rc1 Ndb4 12. Be4 Ba6 13. a3 Nd3 14. Qe2 Ndb4 15. Nc4 Nd5 16. dxc5 bxc5 17. Bxg7 Kxg7 18. Qb2+ Qf6 19. Rfd1 Nce7 20. Qxf6+ Kxf6 21. Nce5 Rfd8 22. Rxc5 Nc3 23. Rxd8 Rxd8 24. Bc2 Ne2+ 25. Kh1 Nd5 26. h4 h6 27. Ra5 Rd6 28. b4 Nc7 29. a4 Rd5 30. b5 g5 31. Bb3 1-0

[Event "Hessen-ch qual-E"]
[Site "Erlensee"]
[Date "2007.04.06"]
[Round "1"]
[White "Bieber, Juergen"]
[Black "Titsch, Leonard"]
[Result "1-0"]
[WhiteElo "1428"]
[BlackElo "1215"]
[PlyCount "37"]
[EventDate "2007.04.06"]
[EventType "swiss"]
[EventRounds "5"]
[EventCountry "GER"]
[SourceTitle "CBM 117 Extra"]
[Source "ChessBase"]
[SourceDate "2007.05.09"]
[SourceVersion "1"]
[SourceVersionDate "2007.05.09"]
[SourceQuality "1"]

1. c4 c5 2. Nc3 Nc6 3. e3 Nf6 4. Nf3 g6 5. g3 Bg7 6. Bg2 d5 7. cxd5 Nxd5 8. a3 0-0 9. 0-0 Bg4 10. Qb3 Nb6 11. Na4 Nxa4 12. Qxa4 Qb6 13. Qxg4 f5 14. Qc4+ Kh8 15. Rb1 e5 16. Ng5 Na5 17. Qd5 Rad8 18. Nf7+ Kg8 19. Nxd8+ 1-0